<?xml version="1.0" encoding="UTF-8"?>
<record
    xmlns:xsi="http://www.w3.org/2001/XMLSchema-instance"
    xsi:schemaLocation="http://www.loc.gov/MARC21/slim http://www.loc.gov/standards/marcxml/schema/MARC21slim.xsd"
    xmlns="http://www.loc.gov/MARC21/slim">

  <leader>00625nam a22001937a 4500</leader>
  <controlfield tag="005">20241120161130.0</controlfield>
  <datafield tag="010" ind1=" " ind2=" ">
    <subfield code="a">ENG--142315</subfield>
  </datafield>
  <datafield tag="020" ind1=" " ind2=" ">
    <subfield code="a">9789392005039</subfield>
    <subfield code="c">999.00</subfield>
  </datafield>
  <datafield tag="035" ind1=" " ind2=" ">
    <subfield code="a">EN-125847</subfield>
  </datafield>
  <datafield tag="037" ind1=" " ind2=" ">
    <subfield code="b">DBAD</subfield>
  </datafield>
  <datafield tag="082" ind1=" " ind2=" ">
    <subfield code="a">394.260954</subfield>
  </datafield>
  <datafield tag="100" ind1=" " ind2=" ">
    <subfield code="a">Rathore, Kunwar I S</subfield>
    <subfield code="9">74017</subfield>
  </datafield>
  <datafield tag="245" ind1=" " ind2=" ">
    <subfield code="a">Hornbill Festival/</subfield>
    <subfield code="c"> By Kunwar I S Rathore</subfield>
    <subfield code="b">Rainbow of North- East</subfield>
  </datafield>
  <datafield tag="250" ind1=" " ind2=" ">
    <subfield code="a">First</subfield>
  </datafield>
  <datafield tag="260" ind1=" " ind2=" ">
    <subfield code="a">U.P.</subfield>
    <subfield code="b">Krishna Publisher</subfield>
    <subfield code="c">2022</subfield>
  </datafield>
  <datafield tag="270" ind1=" " ind2=" ">
    <subfield code="a">RTB 157, Royal Tower Shipra Sun City,  </subfield>
    <subfield code="b">Ghaziabad, U.P.</subfield>
    <subfield code="e">201014</subfield>
    <subfield code="m">krishnapublisher@gmail.com</subfield>
  </datafield>
  <datafield tag="300" ind1=" " ind2=" ">
    <subfield code="a">248pbk.</subfield>
    <subfield code="c">22cm(PB)</subfield>
  </datafield>
  <datafield tag="942" ind1=" " ind2=" ">
    <subfield code="2">ddc</subfield>
    <subfield code="c">EN</subfield>
    <subfield code="h">394.260954</subfield>
    <subfield code="m">RAT</subfield>
  </datafield>
  <datafield tag="999" ind1=" " ind2=" ">
    <subfield code="c">206598</subfield>
    <subfield code="d">206598</subfield>
  </datafield>
  <datafield tag="952" ind1=" " ind2=" ">
    <subfield code="0">0</subfield>
    <subfield code="1">0</subfield>
    <subfield code="4">0</subfield>
    <subfield code="7">0</subfield>
    <subfield code="8">NFIC</subfield>
    <subfield code="a">BN</subfield>
    <subfield code="b">BN</subfield>
    <subfield code="d">2024-10-23</subfield>
    <subfield code="e">DBAD</subfield>
    <subfield code="g">999.00</subfield>
    <subfield code="l">0</subfield>
    <subfield code="o">394.260954 RAT</subfield>
    <subfield code="p">EN-125847</subfield>
    <subfield code="r">2024-10-23 00:00:00</subfield>
    <subfield code="t">1</subfield>
    <subfield code="v">999.00</subfield>
    <subfield code="w">2024-10-23</subfield>
    <subfield code="y">EN</subfield>
  </datafield>
</record>
